000 01427nam a2200397 c 4500
001 45639
003 ES-MaCES
005 20150929135610.0
008 141209s2014 sp 000 | spa d
017 _aNA 1349-2014
_bDL
020 _a9788490597200
040 _aES-MaCES
_bspa
_cES-MaCES
245 0 0 _aDesarrollo sostenible
_b: análisis jurisprudencial y de políticas públicas
_cRoberto O. Bustillo Bolado, María Fuensanta Gómez Manresa (dirs.) ; prólogo, Luis Martín Rebollo ; [autores], Susana Álvarez González ... [et al.]
250 _a1ª ed
260 _aCizur Menor (Navarra)
_bAranzadi-Thomson Reuters
_c2014
300 _a496 p.
_c23 cm
504 _aBibliografía
541 _cCompra
650 4 _adesarrollo sostenible
_930785
650 4 _apolítica gubernamental
_927211
650 4 _asentencia judicial
_929888
650 4 _ajurisprudencia
_928624
650 4 _aderecho jurisprudencial
_929863
650 4 _aderecho constitucional
_927158
650 4 _aderecho comunitario
_929866
650 4 _aderecho internacional
_926684
650 4 _aEspaña
_926964
653 1 0 _aJurisprudencia
650 4 _926752
_aUE
700 1 _935518
_aBustillo Bolado, Roberto O.
_edir.
700 1 _913652
_aGómez Manresa, María Fuensanta
_edir.
700 1 _935519
_aÁlvarez González, Susana
700 1 _918007
_aMartín Rebollo, Luis
_ecol.
902 _aLIB Libro
942 _2CES
_cBK
_h6.2.
999 _c45639
_d45639